Statistics for Keywords in PHP

Click here to take the quiz!

General Stats

  • This quiz has been taken 186 times
  • The average score is 28 of 66

Answer Stats

Keyword% Correct
if
87%
for
82%
while
82%
else
79%
class
67%
do
67%
function
64%
echo
62%
switch
61%
break
60%
foreach
58%
public
58%
return
58%
var
58%
private
57%
case
56%
protected
53%
elseif
52%
print
51%
array()
48%
as
48%
catch
48%
static
48%
const
47%
continue
47%
final
47%
try
45%
and
42%
extends
42%
or
42%
die()
41%
exit()
41%
new
41%
abstract
40%
default
38%
include
38%
isset()
38%
throw
37%
goto
36%
implements
36%
require
36%
interface
35%
endfor
31%
endwhile
31%
instanceof
31%
unset()
30%
use
30%
endif
29%
trait
29%
xor
29%
endforeach
28%
global
28%
require_once
27%
empty()
26%
yield
26%
endswitch
25%
list()
24%
declare
23%
include_once
23%
namespace
23%
clone
20%
eval()
20%
enddeclare
18%
__halt_compiler()
18%
insteadof
17%
callable
14%

Score Distribution

Percentile by Number Answered

Percent of People with Each Score

Your Score History

You have not taken this quiz